|
|
|
|
| LEADER |
00000pam a2200000 i 4500 |
| 001 |
28968 |
| 003 |
AGDB |
| 005 |
20260324181534.0 |
| 008 |
250414e202505 spcao||f b||| 100 e cat| |
| 015 |
|
|
|a LL2025
|2 bnc
|
| 017 |
|
|
|a B 9456-2025
|b Biblioteca de Catalunya
|
| 020 |
|
|
|a 9788410393622
|
| 040 |
|
|
|a ES-BaBC
|b cat
|e rda
|c ES-BaBC
|
| 080 |
|
|
|a 930:005.591.6
|x (063)
|2 2004
|
| 080 |
|
|
|a 005.591.6:[316.644:94]
|x (063)
|2 2004
|
| 080 |
|
|
|a 009:004.738.5
|x (063)
|2 2004
|
| 111 |
2 |
|
|a Col·loqui Internacional Walter Benjamin
|n (10è :
|d 2024 :
|c Portbou, Catalunya)
|9 72377
|
| 245 |
1 |
0 |
|a Món digital, imatges i història :
|b memòries en tensió /
|c Jordi Font Agulló, Maximiliano Fuentes Codera i Miquel Aguirre Oliveras (coordinadors)
|
| 246 |
1 |
0 |
|a Memòries en tensió
|
| 264 |
|
1 |
|a Barcelona :
|b Memorial Democràtic ;
|c maig 2025
|
| 300 |
|
|
|a 121 pàgines ;
|c 24 cm
|
| 336 |
|
|
|a text
|b txt
|2 rdacontent
|
| 337 |
|
|
|a sense mediació
|b n
|2 rdamedia
|
| 338 |
|
|
|a volum
|b nc
|2 rdacarrier
|
| 490 |
1 |
|
|a Documents del Memorial Democràtic ;
|v 16
|
| 500 |
|
|
|a Conferències presentades al 10è Col·loqui Internacional Walter Benjamin, celebrat a Portbou, l'estiu del 2024.
|
| 504 |
|
|
|a Inclou referències bibliogràfiques.
|
| 650 |
|
7 |
|a Historiografia
|x Innovacions tecnològiques
|v Congressos
|2 lemac
|9 72378
|
| 650 |
|
7 |
|a Memòria col·lectiva
|x Innovacions tecnològiques
|v Congressos
|2 lemac
|9 72379
|
| 650 |
|
7 |
|a Humanitats digitals
|v Congressos
|2 lemac
|9 72380
|
| 650 |
|
0 |
|a Memòria col·lectiva
|v Congressos
|2 thub
|9 53938
|
| 700 |
1 |
|
|a Font i Agulló, Jordi,
|e editor literari
|9 71748
|
| 700 |
1 |
|
|a Fuentes Codera, Maximiliano,
|d 1976-
|e editor literari
|9 72071
|
| 700 |
1 |
|
|a Aguirre, Miquel,
|d 1964-
|e editor literari
|9 72072
|
| 710 |
2 |
|
|a Memorial Democràtic (Catalunya),
|e entitat editora
|9 52410
|
| 830 |
|
0 |
|a Documents del Memorial Democràtic ;
|v 16
|9 53939
|
| 940 |
|
|
|a BC
|
| 942 |
|
|
|2 udc
|c MON
|n 1
|
| 952 |
|
|
|0 0
|1 0
|4 0
|6 BIB1354
|7 1
|9 98334
|a Arxiu
|b Arxiu
|d 2025-07-30
|l 0
|o Bib-1354
|p 28968
|r 2025-07-30 08:17:20
|w 2025-07-30
|y ARXIU
|
| 999 |
|
|
|c 130092
|d 130092
|